000 01798nam0a2200373 4500
001 RU\NLR\BIBL_A\011698921
005 20180604142254.0
010 _a978-5-98344-533-8
_9250
021 _aRU
_bКН-П-18-025871
_9КН-П-18-1892
035 _a(NLR Aleph) 011698921
035 _a(RuMoRGB)009598577
090 _a11378354
_c11378354
100 _a20180514d2018 k y0rusy50 ca
101 0 _arus
102 _aRU
105 _aac||z|||000zy
200 1 _aВеселые струны художника
_e[дань уважения творческих людей Рузаевки таланту Владимира Григорьевича Давыдова]
_fВладимир Давыдов
210 _aРузаевка
_c[б. и.]
_d2018
215 _a182, [1] c., [8] л. цв. ил., портр.
_cил., портр.
_d21х29
300 _aНа обл. авт. не указан
604 _1700#1$aДавыдов$bВ. Г.$gВладимир Григорьевич$f1955 - 2014
_15010#$aКарикатуры$2nlr_sh2$3RU\NLR\AUTH\6601635919
_aДавыдов, Владимир Григорьевич (1955 - 2014)
_tКарикатуры
_92368838
_3RU\NLR\AUTH\6601635919
686 _aЩ153(2Р=Р)7-8Давыдов В.Г.446.4я61
_2rubbk
686 _aЩ156.43(2Р=Р)7я61
_2rubbk
686 _aШ5(2=Р)64-675.5
_2rubbk
686 _aЩ143(2Р=Р)7-8Давыдов В.Г.4я61
_2rubbk
686 1 _aЩ153(2Р=Рус)7-8Давыдов
686 2 _aШ6(2=Р)8-5
700 1 _7ca
_8rus
_aДавыдов
_bВ. Г.
_cхудожник, краевед
_f1955-2014
_gВладимир Григорьевич
_993797
_3RU\NLR\AUTH\77110872
942 _cBOOK
980 _aNBR
980 _aNB